Función fiscalizadora de los tribunales de cuentas y su relación con el parlamento (Registro nro. 6450)

Detalles MARC
000 -LEADER
fixed length control field 00804 a2200217 4500
001 - CONTROL NUMBER
control field 58557
005 - DATE AND TIME OF LATEST TRANSACTION
control field 20260407155841.0
008 - FIXED-LENGTH DATA ELEMENTS--GENERAL INFORMATION
fixed length control field 260407a1995 arg spa d
003 - CONTROL NUMBER IDENTIFIER
control field AR-UNSa-BCEJYS
040 ## - CATALOGING SOURCE
Original cataloging agency AR-UNSa-BCEJYS
Language of cataloging spa
Transcribing agency AR-UNSa-BCEJYS
080 ## - UNIVERSAL DECIMAL CLASSIFICATION NUMBER
Universal Decimal Classification number 351.94
Common auxiliary subdivision Control de la administración por los tribunales (Tribunales de cuentas)<br/>
020 ## - INTERNATIONAL STANDARD BOOK NUMBER
International Standard Book Number 950-9834-70-X
041 ## - LANGUAGE CODE
Language code of text/sound track or separate title spa
100 1# - MAIN ENTRY--PERSONAL NAME
Personal name Muñoz Alvarez, Ramón
245 10 - TITLE STATEMENT
Title Función fiscalizadora de los tribunales de cuentas y su relación con el parlamento
Remainder of title Función jurisdiccional de los tribunales de cuentas
264 #1 - PRODUCTION, PUBLICATION, DISTRIBUTION, MANUFACTURE, AND COPYRIGHT NOTICE
Place of production, publication, distribution, manufacture Salta :
Name of producer, publisher, distributor, manufacturer Comisión Bicameral Examinadora de Obras de Autores Salteños
Date of production, publication, distribution, manufacture, or copyright notice 1995
300 ## - PHYSICAL DESCRIPTION
Extent 87 p.
Dimensions 22 cm.
590 ## - LOCAL NOTE (RLIN)
Local note niveau_biblio:m niveau_hierar:0
700 1# - ADDED ENTRY--PERSONAL NAME
Personal name Salgado Pérez, Carlos
942 ## - ADDED ENTRY ELEMENTS (KOHA)
Koha item type
Existencias
Withdrawn status Lost status Damaged status Not for loan Home library Current library Shelving location Date acquired Total checkouts Full call number Barcode Date last seen Price effective from Koha item type
        Biblioteca Prof. Eusebio Cleto del Rey Biblioteca Prof. Eusebio Cleto del Rey   07/04/2026   351.94 M967 L119697 07/04/2026 07/04/2026 Libro